000 00500cam a22001577a 4500
008 180718b1981 xxu||||| |||| 00| 0 eng d
082 _aAPPPA 80-81 KAU
100 _aKaur, Surinder
245 _aInter-relationship of economic independence and status of women in marriage
_cby Surinder Kaur
260 _aNew Delhi
_bIndian Institute of Public Administration
_c1981
300 _a131+p.
650 _aMarriage
650 _aWomen
650 _aEconomic independence
650 _aInter-relationship
999 _c501254
_d501254